Países con Mayor Superficie Cubierta por Hielo - Estadísticas

Estadísticas generales
  • Esta prueba ha sido intentada 126 veces
  • La puntuación promedio es 14 de 20
Estadísticas de respuestas
km² País % Correcto
183.144 Canadá
99%
53.094 Rusia
98%
6.856 Argentina
95%
27.963 Chile
95%
35.328 Noruega
95%
65.365 Estados Unidos
94%
62.856 China
84%
11.025 Islandia
84%
4.884 Nepal
68%
976 Suiza
68%
7.833 India
67%
1.135 Kazajistán
64%
1.048 Bután
60%
3.001 Perú
59%
2.109 Pakistán
55%
859 Bolivia
50%
6.093 Kirguistán
50%
1.085 Nueva Zelanda
50%
10.852 Tayikistán
49%
3.176 Afganistán
47%
No se encontraron pruebas coincidentes
Distribución de puntuación
Porcentaje de gente con cada puntuación
Porcentaje por número respondido
Historial de tus puntuaciones
No has intentado esta prueba.